[Event "OP-2013-0-03018"]
[Site "LSS email"]
[Date "2013.09.24"]
[Round "?"]
[White "Gyongyosi, Peter Laszlo"]
[Black "Marek, Aureliusz"]
[Result "1-0"]
[WhiteElo "807"]
[BlackElo "800"]
[PlyCount "31"]
[EventDate "2013.09.22"]
[EventType "tourn (corr)"]
[EventRounds "4"]
[EventCountry "GER"]
[SourceTitle "Telechess CBM 167"]
[Source "ChessBase"]
[SourceDate "2015.07.13"]
[SourceVersion "1"]
[SourceVersionDate "2015.07.13"]
[SourceQuality "1"]

1. e4 c5 2. f4 e6 3. Nf3 d5 4. exd5 exd5 5. d4 cxd4 6. Nxd4 Bc5 7. Be3 Nf6 8. Be2 0-0 9. 0-0 Re8 10. Bf2 Ne4 11. c3 Nc6 12. Nxc6 Nxf2 13. Rxf2 bxc6 14. Bf3 Qb6 15. Qd2 Bxf2+ 16. Kh1 1-0